| 000 | 00790cam a2200205 4500 | ||
|---|---|---|---|
| 001 | WB3644-37 | ||
| 008 | 000000n2000 000 0 eng u | ||
| 035 | _a(Sirsi) u109282 | ||
| 245 | _aArable area payments 2000 | ||
| 260 | _c2000 | ||
| 490 |
_aMAFF Press Release _v391/00 8 November 2000 (2) |
||
| 520 | _aPayments to farmers under this year's Arable Area Payments Scheme (AAPS) are due to start on 16 November 2000, a month later than normal, following changes by the EU to the rules of the scheme: MAFF still plan to issue the majority of payments by Christmas. | ||
| 590 | _aWB | ||
| 650 | _aAGRIMONETARY SYSTEM | ||
| 650 | _aARABLE AREA PAYMENT SCHEME | ||
| 650 | _aARABLE FARMERS | ||
| 650 | _aFARMING SUBSIDIES | ||
| 690 | _aRURAL-FARM BUSINESS MANAGEMENT | ||
| 942 | _n0 | ||
| 999 |
_c65228 _d65228 |
||